[Event "Lisbon Portugal rapid 2op"]
[Site "Lisbon"]
[Date "2020.02.02"]
[Round "4"]
[White "Carneiro, Carlos Alberto Carv"]
[Black "Vinagre, Antonio Pedro"]
[Result "0-1"]
[WhiteElo "2135"]
[BlackElo "1885"]
[PlyCount "130"]
[EventDate "2020.01.02"]
[EventType "swiss (rapid)"]
[EventRounds "8"]
[EventCountry "POR"]
[SourceTitle "CBM 194 Extra"]
[Source "ChessBase"]
[SourceDate "2020.03.31"]
[SourceVersion "1"]
[SourceVersionDate "2020.03.31"]
[SourceQuality "1"]

1. d4 d5 2. Nf3 Nf6 3. c4 c6 4. Nc3 Bf5 5. Bf4 e6 6. e3 Be7 7. Rc1 0-0 8. Be2 Ne4 9. 0-0 h6 10. Nd2 Nxc3 11. Rxc3 Nd7 12. cxd5 exd5 13. a3 Nf6 14. b4 Bd6 15. Bg3 a6 16. Qb3 Re8 17. a4 Qe7 18. Bxd6 Qxd6 19. b5 axb5 20. axb5 Rec8 21. Rfc1 Ng4 22. Bxg4 Bxg4 23. bxc6 bxc6 24. h3 Be2 25. Qb6 Bb5 26. Nf3 f6 27. Nh4 Ra6 28. Qc5 Qxc5 29. Rxc5 Rca8 30. Nf5 Kf8 31. Nd6 Ba4 32. Rb1 R6a7 33. Kh2 Ke7 34. Nf5+ Kf7 35. Kg3 h5 36. e4 g6 37. Ne3 dxe4 38. Nc4 Rd8 39. Ra1 Rxd4 40. Nb2 Rb4 41. Nc4 Rd7 42. Ne3 f5 43. h4 Ke6 44. Ra5 Bb5 45. Ra8 Rb3 46. Kf4 Rb2 47. Kg3 f4+ 48. Kxf4 Rxf2+ 49. Kg3 Rb2 50. Re8+ Kf7 51. Re5 Rb3 52. Kf4 Kg7 53. Re1 Rf7+ 54. Kg3 Bd3 55. Rc5 Rf6 56. Rec1 Rb6 57. Re1 Rb3 58. Rec1 Bb5 59. Re1 Rd6 60. Kh2 Rdd3 61. Nf1 Rd4 62. Rg5 e3 63. Nxe3 Rxh4+ 64. Kg3 Re4 65. Kf3 Re6 0-1

[Event "Lisbon Portugal rapid 2op"]
[Site "Lisbon"]
[Date "2020.02.02"]
[Round "3"]
[White "Fernandes, Antonio ETG"]
[Black "Carneiro, Carlos Alberto Carv"]
[Result "1-0"]
[WhiteElo "2353"]
[BlackElo "2135"]
[PlyCount "86"]
[EventDate "2020.01.02"]
[EventType "swiss (rapid)"]
[EventRounds "8"]
[EventCountry "POR"]
[SourceTitle "CBM 194 Extra"]
[Source "ChessBase"]
[SourceDate "2020.03.31"]
[SourceVersion "1"]
[SourceVersionDate "2020.03.31"]
[SourceQuality "1"]

1. d4 g6 2. e4 Bg7 3. Nc3 d6 4. Nge2 c6 5. a4 a5 6. g3 Nd7 7. Bg2 Ngf6 8. 0-0 0-0 9. h3 e5 10. Be3 Re8 11. Re1 Qe7 12. Qd2 exd4 13. Nxd4 Nc5 14. f4 Nfd7 15. Bf2 Nb6 16. b3 Nbd7 17. Rad1 Na6 18. Nce2 Nb4 19. Nc1 Qf8 20. Nd3 Nxd3 21. Qxd3 Nc5 22. Qd2 h5 23. Re3 Kh7 24. Nf3 Kg8 25. Rde1 Be6 26. Ng5 Bf6 27. Nxe6 Nxe6 28. Rd3 Red8 29. h4 Nc5 30. Bxc5 dxc5 31. e5 Be7 32. Be4 c4 33. bxc4 Rxd3 34. Bxd3 Qd8 35. Qf2 b6 36. Kg2 Bc5 37. Qf3 Qd4 38. f5 Rf8 39. Kh3 Kh7 40. Rf1 Qxe5 41. Qxc6 Bd6 42. Rf3 Qe1 43. Kg2 Qe5 1-0

[Event "Lisbon Portugal rapid op"]
[Site "Lisbon"]
[Date "2019.02.10"]
[Round "8"]
[White "Carneiro, Carlos Alberto Carv"]
[Black "Santos, Jose Guilherme B Li"]
[Result "1-0"]
[WhiteElo "2104"]
[BlackElo "2191"]
[PlyCount "153"]
[EventDate "2019.02.10"]
[EventType "swiss (rapid)"]
[EventRounds "8"]
[EventCountry "POR"]
[SourceTitle "CBM 188 Extra"]
[Source "ChessBase"]
[SourceDate "2019.02.26"]
[SourceVersion "1"]
[SourceVersionDate "2019.02.26"]
[SourceQuality "1"]

1. d4 Nf6 2. c4 e6 3. Nf3 c5 4. d5 exd5 5. cxd5 d6 6. Nc3 g6 7. g3 Bg7 8. Bg2 0-0 9. 0-0 Re8 10. Nd2 a6 11. a4 Nbd7 12. Nc4 Ne5 13. Na3 Nh5 14. h3 Rb8 15. Qb3 f5 16. Nc4 b5 17. axb5 axb5 18. Na5 b4 19. Nc6 c4 20. Qa4 Nxc6 21. dxc6 Be6 22. Nd5 Bxd5 23. Bxd5+ Kh8 24. Bxc4 d5 25. Bd3 Qc7 26. Kg2 Be5 27. f4 Bd4 28. Bd2 Re6 29. Bxb4 Rxc6 30. Bd6 Rxd6 31. Qxd4+ Qg7 32. Qc5 Rdb6 33. Rfb1 d4 34. b4 Qb7+ 35. Kf2 Rxb4 36. Ra7 Rxb1 37. Rxb7 R1xb7 38. g4 Ng7 39. gxf5 gxf5 40. Qxd4 Rb4 41. Qd6 R4b6 42. Qe5 Rf8 43. h4 h6 44. Qe7 Rbf6 45. Kf3 R6f7 46. Qe5 Rf6 47. Bc4 Rc6 48. Qe7 Re8 49. Qf7 Rec8 50. Bd5 Rd6 51. Bc4 Rcd8 52. Bb5 Rd4 53. e3 R4d6 54. Bc4 Rb6 55. Qc7 Rbd6 56. Qf7 R6d7 57. Qg6 Rd6 58. Qg1 Re8 59. Qa1 Kh7 60. h5 Re7 61. Qa5 Red7 62. Qe5 Rd8 63. Bf7 R6d7 64. Bg6+ Kh8 65. Bxf5 Rd5 66. Qf6 R5d6 67. Qc3 Rf8 68. Bg6 Rdf6 69. Kg4 Kg8 70. Qc4+ Kh8 71. Qd4 Kg8 72. Qd5+ Kh8 73. f5 Rb8 74. Qe5 Rbf8 75. e4 Kg8 76. Qf4 Rb6 77. Qxh6 1-0

[Event "Lisbon Portugal rapid op"]
[Site "Lisbon"]
[Date "2019.02.10"]
[Round "2"]
[White "Santos, Micael Costa"]
[Black "Carneiro, Carlos Alberto Carv"]
[Result "0-1"]
[WhiteElo "1899"]
[BlackElo "2104"]
[PlyCount "90"]
[EventDate "2019.02.10"]
[EventType "swiss (rapid)"]
[EventRounds "8"]
[EventCountry "POR"]
[SourceTitle "CBM 188 Extra"]
[Source "ChessBase"]
[SourceDate "2019.02.26"]
[SourceVersion "1"]
[SourceVersionDate "2019.02.26"]
[SourceQuality "1"]

1. e4 c5 2. c3 g6 3. d4 cxd4 4. cxd4 d5 5. e5 Bg7 6. Nc3 Nh6 7. Be2 0-0 8. h4 Nc6 9. h5 Nf5 10. Nf3 e6 11. g4 Nfe7 12. hxg6 fxg6 13. Bh6 Qb6 14. Qd2 Rxf3 15. Bxf3 Nxd4 16. Be2 Bxe5 17. 0-0-0 Bd7 18. f4 Bh8 19. Kb1 Rc8 20. Rh3 Nxe2 21. Nxe2 e5 22. f5 gxf5 23. Qg5+ Qg6 24. Qxe7 fxg4+ 25. Ka1 gxh3 26. Qxd7 Rc6 27. Rg1 Qxg1+ 28. Nxg1 Rxh6 29. Qe8+ Kg7 30. Qxe5+ Kg6 31. Qg3+ Kf7 32. Nxh3 Rb6 33. Qf4+ Ke7 34. Qg5+ Bf6 35. Qe3+ Kd7 36. Qe2 Rxb2 37. Qxb2 Bxb2+ 38. Kxb2 Kd6 39. Kc3 Ke5 40. Kd3 h5 41. a4 b6 42. Ng1 a6 43. Nf3+ Kf4 44. Ne1 Kg3 45. Kd4 h4 0-1

[Event "Lisbon Portugal op"]
[Site "Lisbon"]
[Date "2018.02.09"]
[Round "9"]
[White "Veiga, Jose Francisco RP"]
[Black "Carneiro, Carlos Alberto Carv"]
[Result "1-0"]
[WhiteElo "2320"]
[BlackElo "2130"]
[PlyCount "77"]
[EventDate "2018.02.03"]
[EventType "swiss"]
[EventRounds "9"]
[EventCountry "POR"]
[SourceTitle "EXT 2019"]
[Source "ChessBase"]
[SourceDate "2018.10.10"]
[SourceVersion "1"]
[SourceVersionDate "2018.10.10"]
[SourceQuality "1"]

1. e4 c5 2. Nf3 g6 3. d4 cxd4 4. Nxd4 Bg7 5. Nc3 Nc6 6. Nde2 Nf6 7. g3 d6 8. Bg2 0-0 9. 0-0 Be6 10. Nd5 Nd7 11. Nef4 Nc5 12. Nxe6 Nxe6 13. c3 Rb8 14. a4 a6 15. Be3 Nc5 16. b4 Nd7 17. Qb3 e6 18. Nf4 Qf6 19. Rac1 b5 20. Rfd1 Qe7 21. Nd3 Nde5 22. Nb2 Ng4 23. Bd2 a5 24. axb5 axb4 25. h3 Nxf2 26. Kxf2 bxc3 27. Bxc3 Qa7+ 28. Kf1 Qe3 29. Qc2 f5 30. e5 f4 31. g4 f3 32. bxc6 fxg2+ 33. Kxg2 Rf3 34. Be1 Rbf8 35. Nc4 Qh6 36. Bg3 d5 37. Rf1 Rxf1 38. Rxf1 dxc4 39. Rxf8+ 1-0

[Event "Lisbon Portugal op"]
[Site "Lisbon"]
[Date "2018.02.08"]
[Round "8"]
[White "Ruperez Benito, Antonio"]
[Black "Carneiro, Carlos Alberto Carv"]
[Result "1-0"]
[WhiteElo "2348"]
[BlackElo "2130"]
[PlyCount "117"]
[EventDate "2018.02.03"]
[EventType "swiss"]
[EventRounds "9"]
[EventCountry "POR"]
[SourceTitle "CBM 182 Extra"]
[Source "ChessBase"]
[SourceDate "2018.02.23"]
[SourceVersion "1"]
[SourceVersionDate "2018.02.23"]
[SourceQuality "1"]

1. e4 c5 2. Nf3 g6 3. d4 cxd4 4. Qxd4 Nf6 5. Nc3 Nc6 6. Qa4 d6 7. e5 dxe5 8. Nxe5 Bd7 9. Nxd7 Qxd7 10. Be3 Bg7 11. Rd1 Qg4 12. Qb3 0-0 13. h3 Qb4 14. Be2 Rfc8 15. 0-0 Qxb3 16. axb3 Nb4 17. Bf3 Nc6 18. Na4 e5 19. Nc5 Rab8 20. c3 Rc7 21. b4 a6 22. Rd2 Bf8 23. Rfd1 Be7 24. Nd7 Re8 25. Bb6 Rcc8 26. Nxf6+ Bxf6 27. Bg4 Rb8 28. Bd7 Rf8 29. Ra1 Ne7 30. Bc7 Ra8 31. Ra5 b5 32. Rd6 Ra7 33. Bb6 Rb7 34. Rxa6 Bg5 35. Bc5 Rd8 36. Bc6 Nxc6 37. Raxc6 Re8 38. Rb6 Ra7 39. Ra6 Rb7 40. Kf1 f5 41. Ke2 e4 42. g3 f4 43. gxf4 Bxf4 44. Re6 Rd8 45. Rxe4 Rd2+ 46. Kf3 Bg5 47. Ra8+ Kg7 48. h4 Rf7+ 49. Kg3 Bf6 50. Rb8 Rxb2 51. Rxb5 Bxc3 52. Rb8 Rc2 53. b5 Bf6 54. Be3 Rb2 55. Kh3 h6 56. Re6 Rb3 57. Rbb6 g5 58. Kg2 Kg6 59. Bd4 1-0

[Event "Lisbon Portugal op"]
[Site "Lisbon"]
[Date "2018.02.04"]
[Round "3"]
[White "Carneiro, Carlos Alberto Carv"]
[Black "Cawdery, Daniel"]
[Result "0-1"]
[WhiteElo "2130"]
[BlackElo "2446"]
[PlyCount "80"]
[EventDate "2018.02.03"]
[EventType "swiss"]
[EventRounds "9"]
[EventCountry "POR"]
[SourceTitle "CBM 182 Extra"]
[Source "ChessBase"]
[SourceDate "2018.02.23"]
[SourceVersion "1"]
[SourceVersionDate "2018.02.23"]
[SourceQuality "1"]

1. d4 Nf6 2. c4 g6 3. Nc3 d5 4. Bf4 Bg7 5. e3 0-0 6. Nf3 c5 7. dxc5 Ne4 8. Be5 Bxe5 9. Nxe5 Nxc3 10. bxc3 Qa5 11. Qb3 Qc7 12. Nd3 dxc4 13. Qxc4 Na6 14. Be2 Be6 15. Qb5 Bd7 16. Qc4 Qa5 17. 0-0 Bb5 18. Qh4 Qxc3 19. Rac1 Qd2 20. Rfd1 Qxe2 21. Nf4 Qb2 22. Rb1 Rad8 23. Qxe7 Rxd1+ 24. Rxd1 Qc2 25. Ra1 Qxc5 26. Qxb7 Rb8 27. Qf3 Bc6 28. Qg4 h5 29. Qg3 Qc2 30. h3 Rb1+ 31. Rxb1 Qxb1+ 32. Kh2 Qf5 33. Qh4 Qe5 34. Qd8+ Kg7 35. Kg1 Nc5 36. Qc8 Bb7 37. Qd8 Be4 38. a3 a6 39. Ne2 Ne6 40. Qb6 Bd3 0-1

[Event "Azores op 4th"]
[Site "Ponta Delgada"]
[Date "2017.12.08"]
[Round "3"]
[White "Carneiro, Carlos Alberto Carv"]
[Black "Palhais, Custodio"]
[Result "1-0"]
[WhiteElo "2141"]
[BlackElo "1762"]
[PlyCount "51"]
[EventDate "2017.12.07"]
[EventType "swiss"]
[EventRounds "7"]
[EventCountry "POR"]
[SourceTitle "CBM 182 Extra"]
[Source "ChessBase"]
[SourceDate "2018.02.23"]
[SourceVersion "1"]
[SourceVersionDate "2018.02.23"]
[SourceQuality "1"]

1. d4 d5 2. Nf3 Nf6 3. c4 e6 4. Nc3 Bb4 5. Bg5 Nbd7 6. cxd5 exd5 7. e3 0-0 8. Bd3 Re8 9. 0-0 h6 10. Nxd5 hxg5 11. Nxb4 g4 12. Nd2 c5 13. Nc2 b6 14. Nc4 Nf8 15. dxc5 bxc5 16. Nd6 Qb6 17. Nxe8 Nxe8 18. Rb1 Qh6 19. b4 Nf6 20. bxc5 Ne6 21. c6 Ng5 22. Nd4 Nd5 23. Nf5 Qh5 24. Ng3 Qh4 25. Bf5 Ba6 26. Qxd5 1-0

[Event "POR Associations Cup"]
[Site "Almeirim"]
[Date "2017.10.15"]
[Round "3.2"]
[White "Carneiro, Carlos Alberto Carv"]
[Black "Carvalho, Vitor Hugo Pina Soa"]
[Result "1-0"]
[WhiteElo "2152"]
[BlackElo "1904"]
[PlyCount "69"]
[EventDate "2017.10.14"]
[EventType "team-k.o."]
[EventRounds "3"]
[EventCountry "POR"]
[SourceTitle "CBM 181 Extra"]
[Source "ChessBase"]
[SourceDate "2017.12.12"]
[SourceVersion "1"]
[SourceVersionDate "2017.12.12"]
[SourceQuality "1"]
[WhiteTeam "Portugal/Atlantidiagonal"]
[BlackTeam "S Joao da Madeira"]
[WhiteTeamCountry "POR"]
[BlackTeamCountry "POR"]

1. d4 Nf6 2. c4 e6 3. Nf3 d5 4. Nc3 Be7 5. Bf4 0-0 6. e3 a6 7. cxd5 exd5 8. Qc2 Re8 9. Bd3 Nbd7 10. 0-0 Nf8 11. Rab1 Nh5 12. Be5 f6 13. Bg3 c6 14. b4 Nxg3 15. hxg3 Bg4 16. a4 Bh5 17. b5 axb5 18. axb5 Bg6 19. Bxg6 Nxg6 20. bxc6 bxc6 21. Na4 Qa5 22. Nb6 Ra6 23. Qxc6 Rd8 24. Qb5 Qxb5 25. Rxb5 Rd6 26. Nxd5 Ra2 27. Rc1 Rda6 28. Nh4 Bf8 29. Nxg6 hxg6 30. Rb8 Rd2 31. Rcc8 Ra1+ 32. Kh2 g5 33. Rxf8+ Kh7 34. Ne7 g6 35. Rf7+ 1-0

[Event "POR Associations Cup"]
[Site "Almeirim"]
[Date "2017.10.15"]
[Round "2.3"]
[White "Soares, Joao Pedro CC"]
[Black "Carneiro, Carlos Alberto Carv"]
[Result "0-1"]
[WhiteElo "1483"]
[BlackElo "2152"]
[PlyCount "62"]
[EventDate "2017.10.14"]
[EventType "team-k.o."]
[EventRounds "3"]
[EventCountry "POR"]
[SourceTitle "CBM 181 Extra"]
[Source "ChessBase"]
[SourceDate "2017.12.12"]
[SourceVersion "1"]
[SourceVersionDate "2017.12.12"]
[SourceQuality "1"]
[WhiteTeam "Faro"]
[BlackTeam "Portugal/Atlantidiagonal"]
[WhiteTeamCountry "POR"]
[BlackTeamCountry "POR"]

1. d4 Nf6 2. c4 g6 3. Nc3 Bg7 4. Nf3 0-0 5. e3 d6 6. Be2 Nc6 7. 0-0 e5 8. Qc2 Re8 9. b3 Bf5 10. Bd3 Nb4 11. Qd2 Bxd3 12. Re1 Bf5 13. e4 exd4 14. Nxd4 Nxe4 15. Nxe4 Rxe4 16. Rxe4 Bxe4 17. Bb2 Nc6 18. Re1 Nxd4 19. Rxe4 Nc6 20. Bxg7 Kxg7 21. f4 Qf6 22. g3 Rd8 23. Kf2 h5 24. h4 Ne5 25. Ke2 Ng4 26. Qd5 c6 27. Qg5 Qb2+ 28. Kd3 Nf2+ 29. Ke3 Qd2+ 30. Kf3 Nxe4 31. Kxe4 Re8+ 0-1

[Event "POR-ch Seniors 50+ rapid"]
[Site "Luso"]
[Date "2017.04.08"]
[Round "3"]
[White "Carneiro, Carlos Alberto Carv"]
[Black "Santos, Jose Alves"]
[Result "0-1"]
[WhiteElo "2144"]
[BlackElo "2144"]
[PlyCount "116"]
[EventDate "2017.04.08"]
[EventType "swiss (rapid)"]
[EventRounds "6"]
[EventCountry "POR"]
[SourceTitle "EXT 2018"]
[Source "ChessBase"]
[SourceDate "2017.10.13"]
[SourceVersion "1"]
[SourceVersionDate "2017.10.13"]
[SourceQuality "1"]

1. d4 d5 2. Nf3 e6 3. c4 Nf6 4. Nc3 c5 5. cxd5 Nxd5 6. e3 Nc6 7. Be2 cxd4 8. exd4 Be7 9. 0-0 0-0 10. Ne4 Nf6 11. Nxf6+ Bxf6 12. Be3 Nb4 13. Qb3 Nd5 14. Nd2 Bd7 15. Ne4 Be7 16. Nc3 Bc6 17. Bf3 Nxc3 18. bxc3 Bxf3 19. gxf3 Qd7 20. Rab1 b6 21. Qb5 Qb7 22. Qh5 g6 23. Qg4 Rac8 24. Rbc1 Qd5 25. Rc2 Rc4 26. Rd1 Rfc8 27. Rd3 b5 28. Qe4 Bf6 29. Qxd5 exd5 30. Rb2 a6 31. Bd2 Bd8 32. Kf1 Ba5 33. Rb3 Kf8 34. Ke2 Ra4 35. a3 Bd8 36. Re3 Bc7 37. Rd3 Ke8 38. f4 Kd7 39. Rh3 h5 40. f5 Bd6 41. Bc1 Re8+ 42. Kd1 Re4 43. f3 Re8 44. fxg6 fxg6 45. f4 Rf8 46. Rf3 Ke6 47. Ke2 Kf5 48. Kf2 Re8 49. Rg3 Be7 50. Kf3 Bf6 51. Rg1 Re4 52. Bd2 Rc4 53. Rb4 Be7 54. Rxc4 bxc4 55. a4 Re6 56. Rb1 Bd6 57. Rb6 Bc7 58. Rc6 Rxc6 0-1

[Event "POR-ch Seniors 50+ rapid"]
[Site "Luso"]
[Date "2017.04.08"]
[Round "6"]
[White "Fernandes, Antonio ETG"]
[Black "Carneiro, Carlos Alberto Carv"]
[Result "1/2-1/2"]
[WhiteElo "2374"]
[BlackElo "2144"]
[PlyCount "63"]
[EventDate "2017.04.08"]
[EventType "swiss (rapid)"]
[EventRounds "6"]
[EventCountry "POR"]
[SourceTitle "EXT 2018"]
[Source "ChessBase"]
[SourceDate "2017.10.13"]
[SourceVersion "1"]
[SourceVersionDate "2017.10.13"]
[SourceQuality "1"]

1. e4 g6 2. d4 d6 3. Nc3 Bg7 4. Nge2 c6 5. a4 a5 6. g3 Nd7 7. Bg2 e5 8. 0-0 Ne7 9. b3 0-0 10. Ba3 exd4 11. Nxd4 Nc5 12. Qd2 Qb6 13. Rad1 Rd8 14. Rfe1 Bg4 15. f3 Be6 16. Qf2 g5 17. h3 Ng6 18. f4 gxf4 19. gxf4 Nxf4 20. Qxf4 Nxb3 21. cxb3 Bxd4+ 22. Kh1 Bxc3 23. Qg3+ Bg7 24. Bb2 f6 25. Bxf6 Qc7 26. e5 d5 27. Bxd8 Rxd8 28. Bf3 d4 29. Rd3 c5 30. Bg4 Bd5+ 31. Kh2 Rf8 32. Bf3 1/2-1/2

[Event "Lisbon Portugal op"]
[Site "Lisbon"]
[Date "2017.02.06"]
[Round "5"]
[White "Bebchuk, Leonid"]
[Black "Carneiro, Carlos Alberto Carv"]
[Result "0-1"]
[WhiteElo "2028"]
[BlackElo "2182"]
[PlyCount "84"]
[EventDate "2017.02.04"]
[EventType "swiss"]
[EventRounds "9"]
[EventCountry "POR"]
[SourceTitle "CBM 176 Extra"]
[Source "ChessBase"]
[SourceDate "2017.03.02"]
[SourceVersion "1"]
[SourceVersionDate "2017.03.02"]
[SourceQuality "1"]

1. c4 Nf6 2. Nc3 g6 3. g3 d5 4. cxd5 Nxd5 5. Bg2 Nb6 6. Nf3 Bg7 7. 0-0 0-0 8. d3 c6 9. Bd2 h6 10. Rb1 a5 11. b3 Na6 12. Qc1 Kh7 13. Ne4 Nd5 14. Qe1 Nab4 15. a3 Na2 16. Ra1 Bxa1 17. Qxa1 f5 18. Nc5 Qd6 19. d4 b6 20. Qxa2 bxc5 21. dxc5 Qxc5 22. Rc1 Qd6 23. Rc4 f4 24. Nh4 Rf6 25. Be4 Ba6 26. Qc2 Bxc4 27. bxc4 fxg3 28. hxg3 Nc7 29. Qc1 Rd8 30. Bd3 Qc5 31. Be3 Qh5 32. Qb1 Rg8 33. Qb7 Qe5 34. Nf3 Qa1+ 35. Kg2 Ne6 36. Qxe7+ Rg7 37. Qe8 Qxa3 38. Bxh6 Qe7 39. Bxg7 Qxe8 40. Bxf6 a4 41. Ne5 Nf8 42. c5 Qe6 0-1

[Event "POR-ch Seniors 50+"]
[Site "Luso"]
[Date "2016.07.23"]
[Round "4"]
[White "Carneiro, Carlos Alberto Carv"]
[Black "Fernandes, Antonio ETG"]
[Result "0-1"]
[WhiteElo "2209"]
[BlackElo "2402"]
[PlyCount "79"]
[EventDate "2016.07.21"]
[EventType "swiss"]
[EventRounds "5"]
[EventCountry "POR"]
[SourceTitle "EXT 2018"]
[Source "ChessBase"]
[SourceDate "2017.10.13"]
[SourceVersion "1"]
[SourceVersionDate "2017.10.13"]
[SourceQuality "1"]

1. d4 Nf6 2. c4 e6 3. Nf3 b6 4. g3 Ba6 5. Qc2 d5 6. b3 Bb4+ 7. Bd2 Be7 8. Bg2 0-0 9. 0-0 c6 10. Bc1 Nbd7 11. Bb2 Rc8 12. Nbd2 c5 13. e3 b5 14. Rfd1 bxc4 15. bxc4 cxd4 16. Nxd4 Nb6 17. Bc3 Nxc4 18. Nxc4 Bxc4 19. Qd2 Ne4 20. Bxe4 dxe4 21. Qb2 Bd3 22. Rac1 Qd5 23. Nb3 f6 24. Qd2 Ba3 25. Bb2 Be7 26. Bc3 Rc4 27. Bd4 Bb4 28. Qb2 a5 29. a3 Bd6 30. Rxc4 Bxc4 31. Nd2 Rb8 32. Qa1 Bd3 33. h4 Kf7 34. Rc1 Rb7 35. Kg2 Kg6 36. Rh1 Be2 37. Rc1 Bf3+ 38. Kg1 Qf5 39. Rc6 Qh3 40. Qf1 0-1

[Event "POR-ch rapid Seniors 50+"]
[Site "Luso"]
[Date "2016.07.20"]
[Round "1"]
[White "Carneiro, Carlos Alberto Carv"]
[Black "Dias, Jose Oliveira Gaspa"]
[Result "1-0"]
[WhiteElo "2176"]
[BlackElo "1661"]
[PlyCount "65"]
[EventDate "2016.07.20"]
[EventType "swiss (rapid)"]
[EventRounds "6"]
[EventCountry "POR"]
[SourceTitle "EXT 2018"]
[Source "ChessBase"]
[SourceDate "2017.10.13"]
[SourceVersion "1"]
[SourceVersionDate "2017.10.13"]
[SourceQuality "1"]

1. d4 Nf6 2. c4 e5 3. dxe5 Ng4 4. e4 Nxe5 5. a3 a5 6. f4 Ng6 7. Be3 Be7 8. Bd3 0-0 9. Nf3 Na6 10. 0-0 Re8 11. Nc3 Nc5 12. Bc2 d6 13. Qd2 Bf8 14. Rae1 Bg4 15. Nd4 c6 16. b3 Qc7 17. f5 Ne5 18. h3 Bh5 19. g4 Bxg4 20. hxg4 Nxg4 21. Qg2 h5 22. Qh3 g6 23. Bg5 Re5 24. Nf3 Ree8 25. Nh4 Kh7 26. fxg6+ fxg6 27. Nxg6 Kxg6 28. e5+ Kxg5 29. Rf5+ Kg6 30. Qxh5+ Kg7 31. Qxg4+ Kh8 32. Rh5+ Qh7 33. Rxh7# 1-0

[Event "POR Cup 38th"]
[Site "Portugal"]
[Date "2016.06.18"]
[Round "5.1"]
[White "Ferreira, Jorge Viterbo"]
[Black "Carneiro, Carlos Alberto Carv"]
[Result "1-0"]
[WhiteElo "2495"]
[BlackElo "2207"]
[PlyCount "55"]
[EventDate "2016.02.20"]
[EventType "team-k.o."]
[EventRounds "6"]
[EventCountry "POR"]
[SourceTitle "EXT 2017"]
[Source "ChessBase"]
[SourceDate "2016.10.25"]
[SourceVersion "1"]
[SourceVersionDate "2016.10.25"]
[SourceQuality "1"]
[WhiteTeam "Dias Ferreira"]
[BlackTeam "Portugal/Atlantidiagonal"]
[WhiteTeamCountry "POR"]
[BlackTeamCountry "POR"]

1. e4 c5 2. Nf3 g6 3. d4 cxd4 4. Nxd4 Bg7 5. Nc3 Nc6 6. Be3 Nf6 7. Bc4 0-0 8. Bb3 d6 9. f3 Bd7 10. Qd2 Qa5 11. 0-0-0 Rfc8 12. h4 Ne5 13. h5 Nc4 14. Bxc4 Rxc4 15. hxg6 hxg6 16. Nb3 Qc7 17. Bh6 Bh8 18. Bg5 Bg7 19. e5 Rxc3 20. exf6 exf6 21. Bh6 Rxc2+ 22. Qxc2 Qb6 23. Bxg7 Kxg7 24. Qd2 Rc8+ 25. Kb1 Bf5+ 26. Ka1 g5 27. Rc1 Re8 28. g4 1-0

[Event "Portugal op"]
[Site "Oeiras"]
[Date "2015.09.05"]
[Round "9"]
[White "Martinez Duany, Lelys Stanley"]
[Black "Carneiro, Carlos Alberto Carv"]
[Result "1-0"]
[WhiteElo "2450"]
[BlackElo "2232"]
[PlyCount "113"]
[EventDate "2015.08.30"]
[EventType "swiss"]
[EventRounds "9"]
[EventCountry "POR"]
[SourceTitle "EXT 2016"]
[Source "ChessBase"]
[SourceDate "2015.10.08"]
[SourceVersion "1"]
[SourceVersionDate "2015.10.08"]
[SourceQuality "1"]

1. e4 c5 2. Nf3 Nc6 3. Bb5 g6 4. 0-0 Bg7 5. c3 e5 6. d3 Nge7 7. Be3 d6 8. d4 cxd4 9. cxd4 0-0 10. dxe5 dxe5 11. Bc5 Nd4 12. Nxd4 exd4 13. Nd2 Bd7 14. Qa4 Bxb5 15. Qxb5 Qc7 16. Rac1 Rfc8 17. Nb3 Nc6 18. f4 Qd7 19. Qd3 b6 20. Ba3 Nd8 21. Rcd1 Ne6 22. e5 Qd5 23. Bd6 Rd8 24. f5 Rxd6 25. exd6 Nc5 26. Qf3 Qxf3 27. Rxf3 Nxb3 28. axb3 Be5 29. fxg6 hxg6 30. Rdf1 Rd8 31. Rxf7 Rxd6 32. Re7 Bf6 33. Rxa7 d3 34. Rxf6 Rxf6 35. Rd7 Rc6 36. Rxd3 Rc1+ 37. Kf2 Rc2+ 38. Kf3 Rxb2 39. h4 Kf7 40. g3 Rc2 41. Kf4 Rc6 42. Ke5 Ke7 43. b4 Rc1 44. Kd5 Kd7 45. Rd4 Rc3 46. Rg4 Rc6 47. Rc4 Rf6 48. Rf4 Rd6+ 49. Kc4 Ke7 50. Rd4 Rc6+ 51. Kb5 Rf6 52. g4 Re6 53. g5 Ke8 54. Ka6 Ke7 55. b5 Ke8 56. Kb7 Ke7 57. Kc7 1-0

[Event "Portugal op"]
[Site "Oeiras"]
[Date "2015.09.02"]
[Round "6"]
[White "Carneiro, Carlos Alberto Carv"]
[Black "Dionizio, Andre Filipe Nascim"]
[Result "1-0"]
[WhiteElo "2232"]
[BlackElo "1977"]
[PlyCount "61"]
[EventDate "2015.08.30"]
[EventType "swiss"]
[EventRounds "9"]
[EventCountry "POR"]
[SourceTitle "EXT 2016"]
[Source "ChessBase"]
[SourceDate "2015.10.08"]
[SourceVersion "1"]
[SourceVersionDate "2015.10.08"]
[SourceQuality "1"]

1. d4 d5 2. Nf3 Nf6 3. c4 c6 4. Nc3 e6 5. cxd5 exd5 6. Qc2 Be7 7. Bf4 Nbd7 8. e3 0-0 9. Bd3 h6 10. 0-0 Re8 11. Nb5 Rf8 12. Bc7 Qe8 13. Nd6 Bxd6 14. Bxd6 Qd8 15. Bxf8 Nxf8 16. b4 Qe7 17. Rab1 a6 18. a4 Ne4 19. Rfc1 Ng6 20. b5 axb5 21. axb5 Bg4 22. Bxe4 dxe4 23. Nd2 f5 24. bxc6 bxc6 25. Qxc6 Qg5 26. Qxa8+ Kh7 27. Qb8 f4 28. Nxe4 Qf5 29. Qe8 Bh3 30. Rc5 Qg4 31. Nf6+ 1-0

[Event "Lisbon Cup 26th"]
[Site "Lisbon"]
[Date "2015.04.19"]
[Round "5"]
[White "Gaspar, Artur Jorge Rocha"]
[Black "Carneiro, Carlos Alberto Carv"]
[Result "1-0"]
[WhiteElo "2132"]
[BlackElo "2232"]
[PlyCount "109"]
[EventDate "2015.01.18"]
[EventType "swiss"]
[EventRounds "7"]
[EventCountry "POR"]
[SourceTitle "EXT 2017"]
[Source "ChessBase"]
[SourceDate "2016.10.25"]
[SourceVersion "1"]
[SourceVersionDate "2016.10.25"]
[SourceQuality "1"]

1. Nf3 Nf6 2. c4 c5 3. Nc3 Nc6 4. d4 cxd4 5. Nxd4 g6 6. g3 d6 7. Bg2 Bd7 8. 0-0 Bg7 9. b3 0-0 10. Bb2 Qb6 11. Nc2 Rac8 12. e4 Bg4 13. Qd2 Ne5 14. Na4 Qa6 15. f3 Be6 16. Bxe5 dxe5 17. Ne3 Bh6 18. Nc3 Qb6 19. Rfe1 Qd4 20. Rad1 Rcd8 21. Ncd5 Qxd2 22. Rxd2 Bxd5 23. cxd5 Rc8 24. Rd3 b5 25. Kf2 Ne8 26. Bh3 Rc7 27. Rdd1 Nd6 28. Rc1 Rb7 29. Rc6 f5 30. exf5 gxf5 31. Nxf5 Bd2 32. Re2 Bb4 33. Rxe5 Nf7 34. Nh6+ Nxh6 35. Rxh6 Kg7 36. Reh5 Rh8 37. Bf5 Rc7 38. Rxh7+ Rxh7 39. Rxh7+ Kf6 40. Be4 Rc1 41. Rh6+ Ke5 42. Rc6 Bc5+ 43. Kg2 Rg1+ 44. Kh3 Kd4 45. Kg4 Rg2 46. h4 Bd6 47. Rxd6 exd6 48. h5 Ke5 49. h6 Kf6 50. Bd3 b4 51. Kf4 Rxa2 52. g4 Rb2 53. g5+ Ke7 54. g6 Rh2 55. g7 1-0